Chyavanaparvam(ച്യവനപർവ്വം) (Record no. 115429)

MARC details
000 -LEADER
fixed length control field 00238 a2200097 4500
020 ## - INTERNATIONAL STANDARD BOOK NUMBER
International Standard Book Number 9789390681716
100 ## - MAIN ENTRY--PERSONAL NAME
Personal name Subrahmanian Kuttikkol
245 ## - TITLE STATEMENT
Title Chyavanaparvam(ച്യവനപർവ്വം)
260 ## - PUBLICATION, DISTRIBUTION, ETC. (IMPRINT)
Name of publisher, distributor, etc SPCS
Date of publication, distribution, etc 2021
942 ## - ADDED ENTRY ELEMENTS (KOHA)
Koha item type On order/under processing
Holdings
Withdrawn status Lost status Damaged status Not for loan Home library Current library Date acquired Source of acquisition Cost, normal purchase price Total Checkouts Barcode Date last seen Cost, replacement price Price effective from Koha item type
        University Library University Library 05/03/2026 294 133.34   00097511 05/03/2026 200.00 05/03/2026 On order/under processing
University Library, CUSAT